000 00667nam a22002057a 4500
999 _c19936
_d19936
003 AR-CdUCM
008 190322b ||||| |||| 00| 0 spa d
040 _aMUNICIPALIDAD PROVINCIAL DEL CUSCO
_cBIBLIOTECA MUNICIPAL DEL CUSCO
082 _a515 /
_bI99
100 _aIzquierdo Asensi, Fernando
_941685
245 _aGeometría descriptiva /
260 _aMadrid :
_bDossat,
_c1963.
300 _a506 páginas ;
_c23 cm.
_bGráficos.
505 _aContenido : Escalas -- Sistema diédrico -- Paralelismo...
650 _aGeometría
_919405
650 _aRectas paralelas
_941686
650 _aIntersección de planos
_941687
942 _2ddc
_cLIBROS
945 _arcc